The Bible: (Record no. 387)
[ view plain ]
| 000 -LEADER | |
|---|---|
| fixed length control field | 01599cam a22002771 4500 |
| 001 - CONTROL NUMBER | |
| control field | 8468500 |
| 003 - CONTROL NUMBER IDENTIFIER | |
| control field | GBCCL |
| 005 - DATE AND TIME OF LATEST TRANSACTION | |
| control field | 20241126110337.0 |
| 008 - FIXED-LENGTH DATA ELEMENTS--GENERAL INFORMATION | |
| fixed length control field | 861009s1965 xx m 000 0 eng |
| 010 ## - | |
| -- | fi 66001507 |
| 040 ## - CATALOGING SOURCE | |
| Original cataloging agency | DLC |
| Transcribing agency | CarP |
| Modifying agency | DLC |
| 082 ## - DEWEY DECIMAL CLASSIFICATION NUMBER | |
| Classification number | 220.07 |
| Item number | THE |
| 110 ## - MAIN ENTRY--CORPORATE NAME | |
| Corporate name or jurisdiction name as entry element | Theological professors of the American LUtheran Church |
| 9 (RLIN) | 497 |
| 245 04 - TITLE STATEMENT | |
| Title | The Bible: |
| Remainder of title | book of faith / |
| Statement of responsibility, etc. | by Theological Professors of the American Lutheran Church. |
| 260 ## - PUBLICATION, DISTRIBUTION, ETC. | |
| Name of publisher, distributor, etc. | Released by Augsburg Pub. House, |
| Date of publication, distribution, etc. | 1964. |
| Place of publication, distribution, etc. | Minneapolis. |
| 300 ## - PHYSICAL DESCRIPTION | |
| Extent | 175 pages ; 21 cm. |
| 440 ## - SERIES STATEMENT/ADDED ENTRY--TITLE | |
| Title | Leadership education series, course #6, 1964. |
| 9 (RLIN) | 16120 |
| 505 ## - FORMATTED CONTENTS NOTE | |
| Formatted contents note | Introduction / C. Richard Evenson. --<br/>Bible and our church / Eugene L. Fevold. --<br/>Revelation / Theodore S. Liefeld. --<br/>Old Testament history / Horace D. Hummel. --<br/>Message and purpose of the Old Testament / John P. Milton. --<br/>Formation of the Old Testament / Ralph W. Doermann. --<br/>Background of Old Testament times / Wendell Frerichs. --<br/>Message and purpose of the New Testament / Olaf K. Storaasli. --<br/>Formation of the New Testament / Philip A. Quanbeck. --<br/>Bible and Inspiration / William H. Weiblen. --<br/>Bible and our response / Stanley D. Schneider. |
| 630 00 - SUBJECT ADDED ENTRY--UNIFORM TITLE | |
| Uniform title | Bible |
| General subdivision | Study and teaching. |
| 9 (RLIN) | 498 |
| 650 ## - SUBJECT ADDED ENTRY--TOPICAL TERM | |
| Topical term or geographic name entry element | Faith. |
| 9 (RLIN) | 2645 |
| 710 2# - ADDED ENTRY--CORPORATE NAME | |
| Corporate name or jurisdiction name as entry element | American Lutheran Church (1961- ). |
| Subordinate unit | Division of Parish Education. [from old catalog] |
| 9 (RLIN) | 499 |
| 710 2# - ADDED ENTRY--CORPORATE NAME | |
| Corporate name or jurisdiction name as entry element | American Lutheran Church (1961- ). |
| Subordinate unit | Division of Publication. [from old catalog] |
| 9 (RLIN) | 500 |
| 710 2# - ADDED ENTRY--CORPORATE NAME | |
| Corporate name or jurisdiction name as entry element | Augsburg Publishing House. |
| 9 (RLIN) | 501 |
| 906 ## - LOCAL DATA ELEMENT F, LDF (RLIN) | |
| a | 0 |
| b | cbc |
| c | premunv |
| d | u |
| e | ncip |
| f | 19 |
| g | y-gencatlg |
| 942 ## - ADDED ENTRY ELEMENTS (KOHA) | |
| Source of classification or shelving scheme | Dewey Decimal Classification |
| Koha item type | Books |
| Koha issues (borrowed), all copies | 5 |
| Withdrawn status | Lost status | Source of classification or shelving scheme | Damaged status | Not for loan | Home library | Current Library | Shelving location | Date acquired | Total checkouts | Full call number | Barcode | Date last seen | Date last checked out | Copy number | Price effective from | Koha item type |
|---|---|---|---|---|---|---|---|---|---|---|---|---|---|---|---|---|
| Dewey Decimal Classification | GRACE BIBLE COLLEGE | GRACE BIBLE COLLEGE | Biblical Studies | 2016-10-24 | 6 | 220.07 THE | 002947 | 2025-05-01 | 2023-07-28 | c.1 | 2016-10-24 | Books |